Hetalia Human Names Quiz Stats

Quiz not verified by Sporcle

Also try: The Muppets
Challenge
Share
Tweet
Embed
Score 0/27 Timer 06:00
0 Plays Today
% Correct
France
97.7%
America
97.6%
England
97.3%
Italy
96.9%
Canada
96.9%
Russia
96.7%
Prussia
96.7%
Japan
96.7%
Spain
96.1%
Germany
96%
China
95.9%
Romano
94.4%
Austria
93.7%
Greece
93.6%
% Correct
Hungary
92.9%
South Korea
92.8%
Sealand
92.3%
Belarus
92.1%
Finland
83.8%
Sweden
82.2%
Egypt
80.2%
Poland
79.3%
Turkey
78.2%
Estonia
77%
Lithuania
75.4%
Latvia
73.8%
Switzerland
70.4%

You're not logged in!

Compare scores with friends on all Sporcle quizzes.
Sign Up with Email
OR
Log In

You Might Also Like...

Show Comments

Extras

Top Quizzes Today


Score Distribution

Your Account Isn't Verified!

In order to create a playlist on Sporcle, you need to verify the email address you used during registration. Go to your Sporcle Settings to finish the process.